MARC details
| 000 -LEADER |
| fixed length control field |
02703cam a2200661 a 4500 |
| 001 - CONTROL NUMBER |
| control field |
20655 |
| 003 - CONTROL NUMBER IDENTIFIER |
| control field |
VRT |
| 005 - DATE AND TIME OF LATEST TRANSACTION |
| control field |
20260128145717.0 |
| 008 - FIXED-LENGTH DATA ELEMENTS--GENERAL INFORMATION |
| fixed length control field |
250414s1991 xo d 000 0 ger |
| 015 ## - NATIONAL BIBLIOGRAPHY NUMBER |
| National bibliography number |
SNBA1991/12 |
| 020 ## - INTERNATIONAL STANDARD BOOK NUMBER |
| International Standard Book Number |
8008014083 |
| Qualifying information |
(viaz.) |
| 035 ## - SYSTEM CONTROL NUMBER |
| System control number |
SNK000009345 |
| 035 ## - SYSTEM CONTROL NUMBER |
| System control number |
urn:nbn:sk:snk-amlmz9 |
| 035 ## - SYSTEM CONTROL NUMBER |
| System control number |
urn:nbn:sk:snk-am00bwk2 |
| 035 ## - SYSTEM CONTROL NUMBER |
| System control number |
C54A96E1-D3B9-44C3-8C01-31E03D180BCD |
| 039 #9 - LEVEL OF BIBLIOGRAPHIC CONTROL AND CODING DETAIL [OBSOLETE] |
| Level of rules in bibliographic description |
202511021207 |
| Level of effort used to assign nonsubject heading access points |
csnk01 |
| Level of effort used to assign subject headings |
202504141312 |
| Level of effort used to assign classification |
VLOAD |
| Level of effort used to assign subject headings |
202502121319 |
| Level of effort used to assign classification |
AUTHORITY |
| Level of effort used to assign subject headings |
202402262002 |
| Level of effort used to assign classification |
VLOAD |
| 040 ## - CATALOGING SOURCE |
| Original cataloging agency |
SNK |
| Language of cataloging |
slo |
| Transcribing agency |
SNK |
| Description conventions |
AACR2 |
| 041 0# - LANGUAGE CODE |
| Language code of text/sound track or separate title |
ger |
| -- |
slo |
| 044 ## - COUNTRY OF PUBLISHING/PRODUCING ENTITY CODE |
| MARC country code |
xo |
| ISO country code |
SK |
| 080 ## - UNIVERSAL DECIMAL CLASSIFICATION NUMBER |
| Universal Decimal Classification number |
801.323.2=20=854 |
| Edition identifier |
1981 |
| 080 ## - UNIVERSAL DECIMAL CLASSIFICATION NUMBER |
| Universal Decimal Classification number |
803.0 |
| Edition identifier |
1981 |
| 080 ## - UNIVERSAL DECIMAL CLASSIFICATION NUMBER |
| Universal Decimal Classification number |
808.54(038) |
| Edition identifier |
1981 |
| 245 00 - TITLE STATEMENT |
| Title |
Nemecko-slovenský slovník |
| Statement of responsibility, etc. |
Mária Čierna ... [ et al.] |
| 246 31 - VARYING FORM OF TITLE |
| Title proper/short title |
Deutsch-slowakisches Wörterbuch |
| 250 ## - EDITION STATEMENT |
| Edition statement |
3., zrev. vyd. |
| 260 ## - PUBLICATION, DISTRIBUTION, ETC. |
| Place of publication, distribution, etc. |
Bratislava |
| Name of publisher, distributor, etc. |
Slovenské pedagogické nakladateľstvo |
| Date of publication, distribution, etc. |
1991 |
| Place of manufacture |
Český Těšín |
| Manufacturer |
Těšínská tiskárna |
| 300 ## - PHYSICAL DESCRIPTION |
| Extent |
968 s. |
| Dimensions |
29 cm |
| 650 07 - SUBJECT ADDED ENTRY--TOPICAL TERM |
| Topical term or geographic name entry element |
nemčina |
| Source of heading or term |
SNKPH |
| 650 07 - SUBJECT ADDED ENTRY--TOPICAL TERM |
| Topical term or geographic name entry element |
slovenčina |
| Source of heading or term |
SNKPH |
| 650 07 - SUBJECT ADDED ENTRY--TOPICAL TERM |
| Topical term or geographic name entry element |
nemecko-slovenské slovníky |
| Source of heading or term |
SNKPH |
| 655 #7 - INDEX TERM--GENRE/FORM |
| Genre/form data or focus term |
prekladové slovníky |
| Source of term |
SNKPH |
| 700 1# - ADDED ENTRY--PERSONAL NAME |
| Personal name |
Čierna, Mária, |
| Dates associated with a name |
1940- |
| Relationship |
aut |
| 700 1# - ADDED ENTRY--PERSONAL NAME |
| Personal name |
Juríková, Marta |
| Relationship |
aut |
| 700 1# - ADDED ENTRY--PERSONAL NAME |
| Personal name |
Menke, Elígius |
| Relationship |
aut |
| 700 1# - ADDED ENTRY--PERSONAL NAME |
| Personal name |
Pavelka, Štefan, |
| Dates associated with a name |
1930-2013 |
| Relationship |
ill |
| 700 1# - ADDED ENTRY--PERSONAL NAME |
| Personal name |
Géze, Ernest, |
| Dates associated with a name |
1930- |
| Relationship |
aut |
| 942 ## - ADDED ENTRY ELEMENTS (KOHA) |
| Source of classification or shelving scheme |
Dewey Decimal Classification |
| Koha item type |
Odborná literatúra pre deti |
| Suppress in OPAC |
No |
| 949 ## - LOCAL PROCESSING INFORMATION (OCLC) |
| 6 |
3830001035847 |
| a |
kurukSK-8106 |
| 949 ## - LOCAL PROCESSING INFORMATION (OCLC) |
| 6 |
3830001035848 |
| a |
kurukSK-8106 |
| 949 ## - LOCAL PROCESSING INFORMATION (OCLC) |
| 6 |
17A0611629 |
| 9 |
P66, <07>, [BOOK], {667} |
| a |
snkSB 48733 D1 |
| 949 ## - LOCAL PROCESSING INFORMATION (OCLC) |
| 6 |
2889085480 |
| a |
savukV 38332 |
| 949 ## - LOCAL PROCESSING INFORMATION (OCLC) |
| 6 |
3830001035846 |
| a |
kurukSK-8106 |
| 949 ## - LOCAL PROCESSING INFORMATION (OCLC) |
| 6 |
270001000048890 |
| a |
svkbbC 32977 |
| b |
svkbbm 566140 |
| o |
oprava väzby |
| 949 ## - LOCAL PROCESSING INFORMATION (OCLC) |
| a |
snslp02.3 NEME |
| b |
snslp384 |
| 949 ## - LOCAL PROCESSING INFORMATION (OCLC) |
| 6 |
0133072924 |
| a |
snmk |
| b |
snmk72924 |
| 949 ## - LOCAL PROCESSING INFORMATION (OCLC) |
| 6 |
17A0807869 |
| a |
snkSB 48733 |
| s |
6100:20160606 |
| 949 ## - LOCAL PROCESSING INFORMATION (OCLC) |
| 6 |
3830001000962 |
| a |
kurukJ2.1/1 |
| o |
Prezenčná literatúra |
| 949 ## - LOCAL PROCESSING INFORMATION (OCLC) |
| 6 |
3830001000961 |
| a |
kurukJ2.1/1 |
| o |
Prezenčná literatúra |
| 949 ## - LOCAL PROCESSING INFORMATION (OCLC) |
| 6 |
3694001007174 |
| a |
kurukGS-1/3 |
| o |
Kniha vyradená z KF, pozri Zoznam úbytkov 1/2008, č.58; ZC FF |
| s |
6722:20071129 |
| 949 ## - LOCAL PROCESSING INFORMATION (OCLC) |
| 6 |
270001000267255 |
| a |
svkbbC 32977-a |
| b |
svkbbm 594168 |
| 949 ## - LOCAL PROCESSING INFORMATION (OCLC) |
| 6 |
3875K03191 |
| a |
bauluvS 19 |
| b |
bauluv/03191 |
| 949 ## - LOCAL PROCESSING INFORMATION (OCLC) |
| 6 |
273K0081211 |
| a |
svkpoC 25218 |
| b |
svkpo378408 |
| o |
PV 212/92 |
| 949 ## - LOCAL PROCESSING INFORMATION (OCLC) |
| 6 |
369701000003049 |
| a |
aubbJ 286 |
| b |
aubbJ286 |
| 949 ## - LOCAL PROCESSING INFORMATION (OCLC) |
| 6 |
369701000003048 |
| a |
aubbJ 949 |
| b |
aubbJ949 |
| 949 ## - LOCAL PROCESSING INFORMATION (OCLC) |
| 6 |
17A1363360 |
| a |
snkSB 48733 D2 |
| b |
snk2019/11105 |
| o |
Nanovospracovaný fond príručnej knižnice, pôvodný prírastok S-370/ALU 1999 |
| q |
Vrátené z príručnej knižnice |
| r |
Vrátené z príručnej knižnice |